| 000 | 00594nam a22001937a 4500 | ||
|---|---|---|---|
| 005 | 20170811101123.0 | ||
| 010 | _aENG-119629 | ||
| 020 |
_a9788123019994 _c175.00 |
||
| 035 | _aEN-103161 | ||
| 037 | _bDBAD/PUB | ||
| 082 | _a781.754 | ||
| 100 | _aDeva,B. Chaitanya | ||
| 245 |
_aAn introduction to Indian music / _cby B.Chaitanya Deva |
||
| 260 |
_aNew Delhi _bPublications Division _c2015 |
||
| 270 | _aSoochna Bhawan, CGO Complex, Lodhi Road. New Delhi-110003 | ||
| 300 |
_a160p : _c23cm.(pbk) _bill. |
||
| 500 | _aIncludes index | ||
| 942 |
_2ddc _cEN _h781.754 _mDEV |
||
| 999 |
_c143248 _d143248 |
||